000 03760cam a2200301 i 4500
001 991107313581506196
005 20251020145729.0
008 230805t20232023fr 000 0afre d
020 _a9782370670779
035 _a(Fr-PaAMA)AAL08292996-0001
040 _aFr-PaAMA
_beng
_erda
_ctbs
041 _afre
043 _ae-sp---
_an-us---
_ae-fr---
050 4 _aPQ2707.R44
_bZ46 2023
100 _aGreene, Mark
_d1963-
_eauthor
_926208
245 1 0 _aRéel Madrid
_c/ Mark Greene.
260 _aParis :
_bPlein jour,
_c2023.
300 _a165 pages ;
_c21 cm
520 _aJe suis né à Madrid, dans les années soixante. Franco était encore au pouvoir et, de temps en temps, son cortège passait devant ma fenêtre. Parfois, ma mère et moi nous descendions pour voir de plus près. Je n'oublierai jamais cette attente, le défilé des limousines sur l'avenue. Paradoxalement, nous habitions un quartier d'étrangers et d'artistes où régnaient une atmosphère authentiquement cosmopolite, une réelle décontraction. Un quartier qu'on appelait plaisamment Costa Fleming parce qu'on s'y sentait, disait-on, tous les jours en vacances. La vie, lorsqu'elle n'est pas corsetée par l'idéologie, nous réserve parfois des surprises. Je ne crois pas à la liberté absolue, qui ressemble trop à un rêve de toute-puissance, mais j'aime les parenthèses, les clairières du temps, quand les certitudes desserrent leur étreinte et laissent aux individus le loisir de respirer et d'inventer. J'évoque ici une période particulière de l'histoire de l'Espagne, les deux décennies comprises entre 1965 et 1985, qui sont aussi les années de mon enfance et de ma jeunesse. La dernière séquence du franquisme, la transition démocratique, la tentative de coup d'État, la Movida... En ce temps-là, les pays occidentaux semblaient encore très différents les uns des autres, et l'Espagne était l'un des plus singuliers. Depuis, une certaine uniformisation est à l'œuvre. Faut-il s'en réjouir, le regretter ? Il n'est pas interdit, en tout cas, de se souvenir.
520 _aI was born in Madrid in the 1960s. Franco was still in power, and from time to time, his motorcade would pass by my window. Sometimes my mother and I would go down to see it up close. I will never forget that wait—the procession of limousines along the avenue. Paradoxically, we lived in a neighborhood of foreigners and artists, where there was a genuinely cosmopolitan atmosphere, a real sense of ease. A neighborhood people jokingly called Costa Fleming, because, they said, it felt like being on vacation every day. Life, when it isn’t constrained by ideology, sometimes surprises us. I don’t believe in absolute freedom—it too closely resembles a dream of omnipotence—but I do love those parentheses, those clearings in time, when certainties loosen their grip and people can breathe and invent. Here, I recall a particular period in Spain’s history: the two decades between 1965 and 1985, which were also the years of my childhood and youth. The final phase of Francoism, the democratic transition, the attempted coup, La Movida… Back then, Western countries still seemed very different from one another, and Spain was one of the most distinctive. Since then, a certain uniformity has taken hold. Should we welcome it—or regret it? In any case, it is not forbidden to remember.
600 0 _aGreene, Mark
_d1963-
_xChildhood and youth
_926209
600 0 _aGreene, Mark
_d1963-
_xHomes and haunts
_zMadird (Spain)
_926210
650 0 _aAuthors, American
_y20th century
_vBiography
_926211
650 0 _aAuthors, French
_y20th century
_vBiography
_923671
651 0 _aSpain
_xHistory
_y1975-
_926213
655 0 _aAutobiographies
_922646
942 _2lcc
999 _c5064
_d5064